Možnosti rozvoja cestovného ruchu v mikroregióne Slovenský raj diplomová práca

Saved in:
Bibliographic Details
Main Author: Biskupová, Romana
Corporate Author: Podnikovohospodárska fakulta EU so sídlom v Košiciach. Katedra marketingu a obchodu
Other Authors: Rogovský, Eugen
Format: Book
Language:Slovak
Published: Košice 2008
Tags: Add Tag
No Tags, Be the first to tag this record!

MARC

LEADER 00000nam$a2200000$$$4500
001 0079963
005 20240201115711.1
041 0 |a slo 
044 |a SK 
245 1 0 |a Možnosti rozvoja cestovného ruchu v mikroregióne Slovenský raj  |b diplomová práca  |c Romana Biskupová ; škol. Eugen Rogovský 
264 1 |a Košice  |c 2008 
300 |a 72 s. 
100 1 |a Biskupová, Romana 
700 1 |a Rogovský, Eugen 
710 2 |a Podnikovohospodárska fakulta EU so sídlom v Košiciach. Katedra marketingu a obchodu